Statistics for French Geography Quiz #1

Click here to take the quiz!

General Stats

  • This quiz has been taken 24,222 times
    (24,106 since last reset)
  • The average score is 15 of 20

Answer Stats

QuestionAnswer% Correct
What is the tallest structure in Paris?Eiffel Tower
99%
What is the main river flowing through Paris?River Seine
90%
What is the smallest country that borders France?Monaco
87%
What city near Paris was home to Louis XIV's palace?Versailles
83%
Which French region is located in South America?French Guiana
82%
What is the highest mountain in the Alps - shared by France and Italy?Mont Blanc
81%
What mountain range can be found on the border with Spain?Pyrenees
81%
What is the largest island in the European part of France?Corsica
76%
What was the Roman name of France?Gaul
75%
What major lake is located between France and Switzerland?Lake Geneva
75%
What is the most common birth country of foreign-born French residents?Algeria
74%
Which French city is connected to Great Britain via the Channel Tunnel?Calais
71%
With what country does France share the Caribbean island of Saint Martin?Netherlands
69%
What town was the site of the evacuation of British troops in 1940?Dunkirk
65%
Someone from Paris is known as a Parisian. Someone from Brittany is a ...Breton
62%
Which French city is the official seat of the European Parliament?Strasbourg
62%
What city served as the capital of unoccupied France during World War II?Vichy
62%
What city holds a 24 hour auto race?Le Mans
56%
What is the main island of French Polynesia?Tahiti
55%
What is the longest river located entirely in France?Loire
52%

Score Distribution

Percentile by Number Answered

Percent of People with Each Score

Your Score History

You have not taken this quiz since the last reset